|
|
|
|
| LEADER |
00926cam a2200241 7i4500 |
| 001 |
0000025437 |
| 005 |
20170519090000.0 |
| 008 |
090212 eng |
| 020 |
|
|
|a 9780521568296 (pbk.)
|
| 020 |
|
|
|a 0521568293 (pbk.)
|
| 090 |
0 |
0 |
|a P53.75
|b .D39 1998
|
| 100 |
1 |
|
|a Day, Richard R
|
| 245 |
1 |
0 |
|a Extensive reading in the second language classroom
|c Richard R. Day, Julian Bamford.
|
| 260 |
|
|
|a Cambridge:
|b Cambridge University Press,
|c 1998.
|
| 300 |
|
|
|a xv, 238 p.:
|b ill.;
|c 23 cm.
|
| 490 |
0 |
|
|a Cambridge language education
|
| 504 |
|
|
|a Includes bibliographical references and index
|
| 650 |
0 |
0 |
|a Language and languages --
|x Study and teaching
|
| 650 |
0 |
0 |
|a Reading
|
| 700 |
1 |
|
|a Bamford, Julian
|
| 997 |
|
|
|a Education & Social Sciences, Faculty
|b Education, Department
|
| 999 |
|
|
|a 0000033346
|b BOK
|c OPEN SHELF
|e 1st Floor, Bestari Jaya
|
| 999 |
|
|
|a 0000033347
|b BOK
|c OPEN SHELF
|e 1st Floor, Bestari Jaya
|